| 000 | 00514nam a22001697a 4500 | ||
|---|---|---|---|
| 999 |
_c61165 _d61165 |
||
| 005 | 20231226152235.0 | ||
| 008 | 231226s1973 ru ||||| |||| 00| 0 rus d | ||
| 041 | _arus | ||
| 080 | _a91(091) Д-49 | ||
| 100 |
_a Дитмар, А. Б. _920894 |
||
| 245 |
_aРубежи ойкумены / _cА.Б. Дитмар. |
||
| 264 |
_aМосква : _bМысль, _c1973. |
||
| 300 |
_a135 с. : _bил. ; _c20 см. |
||
| 653 | _aისტორია | ||
| 653 | _aარქეოლოგია | ||
| 942 |
_2udc _cBK |
||